Les saisons dans les titres de films - Statistiques

Statistiques générales
  • Ce quiz a été pris 55 fois
  • Le résultat moyen est 3 sur 19
Statistiques - réponses
Indice Titre du film % Correct
1983 Adjani - Souchon - Galabru L'été meurtrier
67%
1962 Jean Gabin - Jean Paul Belmondo Un singe en hiver
65%
1998 Jennifer Love Hewitt - Sarah Michelle Gellar Souviens toi l'été dernier
35%
2001 Mathilde Seigner - Michel Serrault Une hirondelle a fait le printemps
33%
1987 Villeret - Bacri -Pauline Lafont - L'été en pente douce
31%
1992 Daniel Auteuil - André Dussollier Un coeur en hiver
24%
1989 Lambert Wilson - Claudia Cardinale - Robert Hirsch Hiver 54
16%
1959 Elizabeth Taylor - Montgomery Clift Soudain l'été dernier
12%
2002 Mandy Moore - Shane West Le temps d'un automne
10%
1978 film d'Ingmar Bergman Sonate d'automne
10%
1990 film réalisé par Eric Rohmer Conte de printemps
8%
1972 Michael Lonsdale - Catherine Binet Le printemps
8%
2012 Vincent Lindon - Hélène Vincent Quelques heures de printemps
6%
1970 pendant la 2° guerre mondiale Un été 42
4%
2013 Daniel Auteuil - Kristin Scott Thomas Avant l'hiver
2%
2014 Kad Merad - Géraldine Pailhas Disparue en hiver
2%
1972 Muriel Catala est Faustine Faustine et le bel été
2%
1984 Sean Penn - Nicolas Cage Les moissons du printemps
2%
1996 Claude Rich - Hippolyte Girardot Un bel été 1914
0%
Aucun quiz correspondant
Distribution des résultats
% des personnes avec chaque résultat
Percentile par nombre de réponses
Votre historique - résultats
Vous n’avez pas pris ce quiz